| 000 | 00421nam a22001577a 4500 | ||
|---|---|---|---|
| 005 | 20180518120508.0 | ||
| 008 | 160521b xxu||||| |||| 00| 0 eng d | ||
| 020 | _a81780857-2 | ||
| 041 | _aeng | ||
| 082 |
_b3702 _a519.2 |
||
| 100 |
_aHenrry Stark AND John W, woody _94298 |
||
| 245 | _aProbability and random pracy with applications for S.P. | ||
| 260 | _bPearsons | ||
| 650 |
_aDIPLOMA ENGINEERING _9817 |
||
| 942 | _cBK | ||
| 999 |
_c1269 _d1269 |
||